The Gibt Tax Act (Record no. 681229)

MARC details
000 -LEADER
fixed length control field 00283nam a2200121Ia 4500
008 - FIXED-LENGTH DATA ELEMENTS--GENERAL INFORMATION
fixed length control field 230627s9999 xx 000 0 und d
041 ## - LANGUAGE CODE
Language code of text/sound track or separate title eng
082 ## - DEWEY DECIMAL CLASSIFICATION NUMBER
Classification number 343.0535
Item number JOS
100 ## - MAIN ENTRY--PERSONAL NAME
Personal name Joshi.K.C
245 ## - TITLE STATEMENT
Title The Gibt Tax Act
260 ## - PUBLICATION, DISTRIBUTION, ETC.
Name of publisher, distributor, etc. Allahabad Law Agency
Date of publication, distribution, etc. 1979
300 ## - PHYSICAL DESCRIPTION
Extent 42p
Holdings
Withdrawn status Lost status Damaged status Not for loan Collection Home library Current library Date acquired Cost, normal purchase price Total Checkouts Full call number Barcode Date last seen Price effective from Koha item type
Withdrawn       NLP LL.B New Law College, Pune New Law College, Pune 31/03/1980 4.00   343.0535 JOS NLP-N00361 17/07/2023 17/07/2023 Book